<?xml version="1.0" encoding="UTF-8"?><?xml-stylesheet type="text/xsl" href="static/style.xsl"?><OAI-PMH xmlns="http://www.openarchives.org/OAI/2.0/" xmlns:xsi="http://www.w3.org/2001/XMLSchema-instance" xsi:schemaLocation="http://www.openarchives.org/OAI/2.0/ http://www.openarchives.org/OAI/2.0/OAI-PMH.xsd"><responseDate>2026-04-14T05:47:42Z</responseDate><request verb="GetRecord" identifier="oai:www.recercat.cat:2072/469287" metadataPrefix="marc">https://recercat.cat/oai/request</request><GetRecord><record><header><identifier>oai:recercat.cat:2072/469287</identifier><datestamp>2025-05-08T14:22:44Z</datestamp><setSpec>com_2072_98</setSpec><setSpec>col_2072_378192</setSpec></header><metadata><record xmlns="http://www.loc.gov/MARC21/slim" xmlns:dcterms="http://purl.org/dc/terms/" xmlns:xsi="http://www.w3.org/2001/XMLSchema-instance" xmlns:doc="http://www.lyncode.com/xoai" xsi:schemaLocation="http://www.loc.gov/MARC21/slim http://www.loc.gov/standards/marcxml/schema/MARC21slim.xsd">
   <leader>00925njm 22002777a 4500</leader>
   <datafield ind2=" " ind1=" " tag="042">
      <subfield code="a">dc</subfield>
   </datafield>
   <datafield ind2=" " ind1=" " tag="720">
      <subfield code="a">Torregrossa, Miquel</subfield>
      <subfield code="e">author</subfield>
   </datafield>
   <datafield ind2=" " ind1=" " tag="720">
      <subfield code="a">López Chamorro, José María</subfield>
      <subfield code="e">author</subfield>
   </datafield>
   <datafield ind2=" " ind1=" " tag="720">
      <subfield code="a">Ramis Laloux, Yago</subfield>
      <subfield code="e">author</subfield>
   </datafield>
   <datafield ind2=" " ind1=" " tag="260">
      <subfield code="c">2016</subfield>
   </datafield>
   <datafield ind2=" " ind1=" " tag="520">
      <subfield code="a">El objetivo de este trabajo es presentar una revisión interpretativa sobre la Transición de Júnior a Sénior en el deporte (TJS), acompañada de una propuesta de promoción de las Carreras Duales (CD) como sistema de trabajo que permita al deportista tener otras posibilidades en caso que dicha transición no tenga un resultado positivo. Hemos revisado y resumido: (a) los principales modelos teóricos que se utilizan en el trabajo con etapas y transiciones de carrera deportiva, y (b) los últimos trabajos publicados sobre TJS y CD. De la revisión se deriva la valoración de sus aportaciones y sugerencias sobre lo que queda por hacer. Finalmente, aportamos una seria de recomendaciones aplicadas que a nuestro juicio son las líneas por las que va a evolucionar la temática en los próximos años. Pretendemos ayudar a prevenir que la ambición por llegar a la élite de los deportistas jóvenes y prometedores se convierta en una apuesta arriesgada de todo o nada.</subfield>
   </datafield>
   <datafield ind2=" " ind1=" " tag="520">
      <subfield code="a">The purpose of this paper is to present an interpretative review on the Junior-to-Senior Transition in sports (JST), together with the proposal of promoting Dual Careers (DC) as a working system that will enable the athlete to have other opportunities in the event the transition is not successful. We reviewed and summarized: (a) the main theoretical models used in the work with stages and transitions in the athletic career, and (b) the most recent works published on JST and DC. Based on this review, we drafted an evaluation of their input and several pending aspects. Finally, we have provided a set of applied recommendations that we consider will be the trends for this topic in the upcoming years. We aim to help prevent the talented, young athletes' ambition of becoming elite athletes from being a risky all-or-nothing situation.</subfield>
   </datafield>
   <datafield tag="653" ind2=" " ind1=" ">
      <subfield code="a">Revisión interpretativa</subfield>
   </datafield>
   <datafield tag="653" ind2=" " ind1=" ">
      <subfield code="a">Carrera deportiva</subfield>
   </datafield>
   <datafield tag="653" ind2=" " ind1=" ">
      <subfield code="a">Transición deportiva</subfield>
   </datafield>
   <datafield tag="653" ind2=" " ind1=" ">
      <subfield code="a">Interpretative review</subfield>
   </datafield>
   <datafield tag="653" ind2=" " ind1=" ">
      <subfield code="a">Sports career</subfield>
   </datafield>
   <datafield tag="653" ind2=" " ind1=" ">
      <subfield code="a">Sport transition</subfield>
   </datafield>
   <datafield tag="653" ind2=" " ind1=" ">
      <subfield code="a">Revisão interpretativa</subfield>
   </datafield>
   <datafield tag="653" ind2=" " ind1=" ">
      <subfield code="a">Carreira esportiva</subfield>
   </datafield>
   <datafield tag="653" ind2=" " ind1=" ">
      <subfield code="a">Transição esportiva</subfield>
   </datafield>
   <datafield ind2="0" ind1="0" tag="245">
      <subfield code="a">Transición de júnior a sénior y promoción de carreras duales en el deporte : una revisión interpretativa</subfield>
   </datafield>
</record></metadata></record></GetRecord></OAI-PMH>